MLB Opening Day Lineups 2024 - Statistics

General Stats
  • This quiz has been taken 360 times
  • The average score is 146 of 300
Answer Stats
Team Pos Answer % Correct
Angels CF Mike Trout
91%
Astros 2B Jose Altuve
86%
Astros DH Yordan Alvarez
83%
Astros 3B Alex Bregman
80%
Angels 3B Anthony Rendon
78%
Braves RF Ronald Acuña Jr.
78%
Dodgers DH Shohei Ohtani
78%
Braves 3B Austin Riley
77%
Dodgers 1B Freddie Freeman
77%
Braves 1B Matt Olson
77%
Guardians CF Tyler Freeman
77%
Dodgers C Will Smith
77%
Astros RF Kyle Tucker
76%
Dodgers SS Mookie Betts
76%
Diamondbacks 2B Ketel Marte
75%
Mets RF Starling Marte
75%
Mets C Francisco Alvarez
74%
Blue Jays DH Justin Turner
74%
Braves 2B Ozzie Albies
74%
Phillies SS Trea Turner
74%
Blue Jays SS Bo Bichette
73%
Blue Jays 1B Vladimir Guerrero Jr.
73%
Marlins 1B Josh Bell
72%
Braves SP Spencer Strider
72%
Rays DH Harold Ramírez
71%
Guardians 3B José Ramírez
71%
Yankees CF Aaron Judge
70%
Padres RF Fernando Tatis Jr.
70%
Orioles SS Gunnar Henderson
70%
Yankees RF Juan Soto
70%
Braves CF Michael Harris II
70%
Braves C Sean Murphy
70%
Dodgers LF Teoscar Hernández
70%
Cardinals C Willson Contreras
70%
Blue Jays C Alejandro Kirk
69%
Marlins DH Bryan De La Cruz
69%
Phillies 1B Bryce Harper
69%
Brewers LF Christian Yelich
69%
Reds SS Elly De La Cruz
69%
Astros SS Jeremy Peña
69%
Astros 1B José Abreu
69%
Braves DH Marcell Ozuna
69%
Dodgers 3B Max Muncy
69%
Cardinals 3B Nolan Arenado
69%
Braves SS Orlando Arcia
69%
Diamondbacks 1B Christian Walker
68%
Rockies C Elias Díaz
68%
Red Sox 2B Enmanuel Valdez
68%
Astros SP Framber Valdez
68%
Cardinals RF Jordan Walker
68%
Cardinals 1B Paul Goldschmidt
68%
Mets 1B Pete Alonso
68%
Brewers C William Contreras
68%
Astros C Yainer Diaz
68%
Rays 1B Yandy Díaz
68%
Diamondbacks RF Corbin Carroll
67%
Rangers SS Corey Seager
67%
Blue Jays RF George Springer
67%
Mariners CF Julio Rodríguez
67%
Padres DH Manny Machado
67%
Orioles C Adley Rutschman
66%
Mets SS Francisco Lindor
66%
Phillies SP Zack Wheeler
66%
Rangers RF Adolis Garcia
65%
Padres SS Ha-Seong Kim
65%
Phillies C J.T. Realmuto
65%
Nationals 2B Luis García Jr.
65%
Royals 3B Maikel Garcia
65%
Rangers 2B Marcus Semien
65%
Phillies 3B Alec Bohm
64%
Cubs CF Cody Bellinger
64%
Cubs SS Dansby Swanson
64%
Yankees DH Giancarlo Stanton
64%
Phillies DH Kyle Schwarber
64%
Yankees SS Anthony Volpe
63%
Orioles SP Corbin Burnes
63%
Giants 3B Matt Chapman
63%
Royals C Salvador Perez
63%
Dodgers SP Tyler Glasnow
63%
Yankees 1B Anthony Rizzo
62%
Athletics DH Brent Rooker
62%
Twins CF Byron Buxton
62%
Guardians 1B Josh Naylor
62%
Pirates SS Oneil Cruz
62%
Guardians LF Steven Kwan
62%
Dodgers 2B Gavin Lux
61%
Orioles RF Anthony Santander
59%
Royals SS Bobby Witt Jr.
59%
Red Sox 3B Rafael Devers
59%
Cubs RF Seiya Suzuki
59%
Mets 2B Jeff McNeil
58%
Giants SP Logan Webb
58%
Phillies LF Brandon Marsh
57%
Orioles CF Cedric Mullins
57%
Yankees 2B Gleyber Torres
57%
Padres 1B Jake Cronenworth
57%
Blue Jays SP José Berríos
57%
Mariners SS J.P. Crawford
57%
Marlins 2B Luis Arraez
57%
White Sox 2B Nicky Lopez
57%
Twins SP Pablo López
57%
Orioles 1B Ryan Mountcastle
57%
Brewers SS Willy Adames
57%
Diamondbacks SP Zac Gallen
57%
Twins SS Carlos Correa
56%
Guardians SP Shane Bieber
56%
Padres SP Yu Darvish
56%
Mets LF Brandon Nimmo
55%
Diamondbacks C Gabriel Moreno
55%
Dodgers CF James Outman
55%
Phillies 2B Bryson Stott
54%
Mariners C Cal Raleigh
54%
Astros LF Chas McCormick
54%
Nationals SS CJ Abrams
54%
Marlins CF Jazz Chisholm Jr.
54%
Reds 2B Jonathan India
54%
Nationals C Keibert Ruiz
54%
Angels C Logan O'Hoppe
54%
Diamondbacks LF Lourdes Gurriel Jr.
54%
Mariners SP Luis Castillo
54%
White Sox CF Luis Robert Jr.
54%
Phillies RF Nick Castellanos
54%
Brewers 1B Rhys Hoskins
54%
Angels LF Taylor Ward
54%
Padres 2B Xander Bogaerts
54%
Angels SS Zach Neto
54%
Rays 2B Brandon Lowe
53%
Rangers C Jonah Heim
53%
Rangers 3B Josh Jung
53%
Cubs 2B Nico Hoerner
53%
Rays LF Randy Arozarena
53%
Yankees LF Alex Verdugo
52%
Brewers SP Freddy Peralta
52%
Dodgers RF Jason Heyward
52%
Guardians 2B Andrés Giménez
51%
Pirates LF Bryan Reynolds
51%
Rockies RF Charlie Blackmon
51%
Diamondbacks 3B Eugenio Suárez
51%
Braves LF Jarred Kelenic
51%
Tigers SS Javier Báez
51%
Phillies CF Johan Rojas
51%
Mariners 3B Josh Rojas
51%
Nationals SP Josiah Gray
51%
Yankees SP Nestor Cortes
51%
Cubs SP Justin Steele
50%
Rangers SP Nathan Eovaldi
50%
Twins 3B Royce Lewis
50%
Athletics SP Alex Wood
49%
Blue Jays 2B Cavan Biggio
49%
Guardians DH David Fry
49%
Cubs LF Ian Happ
49%
Giants CF Jung Hoo Lee
49%
Pirates 3B Ke'Bryan Hayes
49%
Tigers LF Riley Greene
49%
Tigers 1B Spencer Torkelson
49%
Marlins SS Tim Anderson
49%
Red Sox SS Trevor Story
49%
Giants DH Jorge Soler
48%
Yankees C Jose Trevino
48%
Blue Jays CF Kevin Kiermaier
48%
Diamondbacks CF Alek Thomas
47%
Orioles LF Austin Hays
47%
Rockies 1B Kris Bryant
47%
Nationals RF Lane Thomas
47%
Pirates 1B Rowdy Tellez
47%
White Sox LF Andrew Benintendi
46%
Blue Jays LF Daulton Varsho
46%
Brewers RF Jackson Chourio
46%
Orioles 2B Jorge Mateo
46%
Giants RF Mike Yastrzemski
46%
Cubs C Yan Gomes
46%
Rangers 1B Ezequiel Duran
45%
Brewers DH Gary Sánchez
45%
Red Sox LF Jarren Duran
45%
Marlins RF Jesús Sánchez
45%
Giants 1B LaMonte Wade Jr.
45%
Cardinals SP Miles Mikolas
45%
Pirates SP Mitch Keller
45%
Rockies LF Nolan Jones
45%
Yankees 3B Oswaldo Cabrera
45%
Red Sox 1B Triston Casas
45%
Padres 3B Tyler Wade
45%
Pirates C Henry Davis
44%
Athletics 3B J.D. Davis
44%
Angels SP Patrick Sandoval
44%
Tigers SP Tarik Skubal
44%
Mariners 1B Ty France
44%
Pirates DH Andrew McCutchen
43%
White Sox 1B Andrew Vaughn
43%
Mets 3B Brett Baty
43%
Red Sox C Connor Wong
43%
Rockies SS Ezequiel Tovar
43%
Marlins 3B Jake Burger
43%
Twins RF Max Kepler
43%
Pirates CF Michael A. Taylor
43%
Giants C Patrick Bailey
43%
Athletics C Shea Langeliers
43%
Diamondbacks SS Geraldo Perdomo
42%
White Sox DH Eloy Jiménez
41%
Padres CF Jackson Merrill
41%
Astros CF Jake Meyers
41%
Mariners 2B Jorge Polanco
41%
Royals 1B Vinnie Pasquantino
41%
Cubs DH Christopher Morel
40%
Padres LF Jurickson Profar
40%
Cardinals 2B Nolan Gorman
40%
White Sox 3B Yoán Moncada
40%
Rangers LF Evan Carter
39%
Mets CF Harrison Bader
39%
Nationals 1B Joey Gallo
39%
Giants LF Michael Conforto
39%
Rockies 3B Ryan McMahon
39%
Red Sox SP Brayan Bello
38%
Red Sox DH Masataka Yoshida
38%
Orioles 3B Ramón Urías
38%
White Sox SP Garrett Crochet
37%
Cardinals SS Masyn Winn
37%
Twins C Ryan Jeffers
37%
Athletics LF Seth Brown
37%
Rockies 2B Brendan Rodgers
36%
Twins 1B Carlos Santana
36%
Royals SP Cole Ragans
36%
Padres C Luis Campusano
36%
Mariners DH Mitch Garver
36%
Royals LF MJ Melendez
36%
Reds LF Spencer Steer
36%
Athletics 2B Zack Gelof
36%
Rays 3B Isaac Paredes
35%
Reds 3B Jeimer Candelario
35%
Nationals DH Joey Meneses
35%
Rockies SP Kyle Freeland
35%
Mariners RF Mitch Haniger
35%
Red Sox RF Tyler O'Neill
35%
Reds C Tyler Stephenson
35%
Rangers DH Wyatt Langford
35%
Guardians C Austin Hedges
34%
White Sox C Martín Maldonado
34%
Cardinals LF Brendan Donovan
33%
Nationals CF Eddie Rosario
33%
Royals RF Hunter Renfroe
33%
Marlins SP Jesús Luzardo
33%
Cubs 1B Michael Busch
33%
Giants 2B Thairo Estrada
33%
Orioles DH Jordan Westburg
32%
Mets SP Jose Quintana
32%
Rays CF Jose Siri
32%
Athletics RF Lawrence Butler
32%
Rangers CF Leody Taveras
32%
Angels 1B Nolan Schanuel
32%
Athletics 1B Ryan Noda
32%
Tigers C Jake Rogers
31%
Nationals LF Jesse Winker
31%
Royals 2B Adam Frazier
30%
Angels 2B Brandon Drury
30%
Athletics CF JJ Bleday
30%
Rays SP Zach Eflin
30%
Reds RF Jake Fraley
29%
White Sox SS Paul DeJong
29%
Angels RF Aaron Hicks
28%
Cardinals DH Alec Burleson
28%
Reds 1B Christian Encarnacion-Strand
28%
Brewers 3B Joey Ortiz
28%
Royals CF Kyle Isbel
28%
Angels DH Miguel Sanó
28%
Giants SS Nick Ahmed
28%
Reds CF Will Benson
28%
Rockies CF Brenton Doyle
27%
Blue Jays 3B Isiah Kiner-Falefa
27%
Pirates RF Connor Joe
26%
Athletics SS Nick Allen
26%
Red Sox CF Ceddanne Rafaela
25%
Reds SP Frankie Montas
25%
Cubs 3B Nick Madrigal
25%
Guardians SS Brayan Rocchio
23%
Tigers CF Parker Meadows
23%
Tigers 2B Colt Keith
22%
Mets DH DJ Stewart
22%
Tigers RF Matt Vierling
22%
Marlins C Nick Fortes
22%
White Sox RF Kevin Pillar
21%
Cardinals CF Victor Scott II
21%
Nationals 3B Ildemaro Vargas
20%
Rays SS José Caballero
20%
Twins DH Manuel Margot
20%
Tigers DH Mark Canha
20%
Guardians RF Ramón Laureano
20%
Brewers CF Blake Perkins
18%
Diamondbacks DH Blaze Alexander
18%
Tigers 3B Andy Ibáñez
17%
Twins LF Willi Castro
17%
Twins 2B Kyle Farmer
15%
Reds DH Nick Martini
15%
Rockies DH Elehuris Montero
14%
Marlins LF Nick Gordon
14%
Brewers 2B Andruw Monasterio
13%
Rays C René Pinto
13%
Pirates 2B Jared Triolo
12%
Royals DH Nelson Velázquez
11%
Mariners LF Dominic Canzone
10%
Rays RF Richie Palacios
9%
No matching quizzes found
Score Distribution
Percent of People with Each Score
Percentile by Number Answered
Your Score History
You have not taken this quiz